| 000 | 01033nam a2200325Ia 4500 | ||
|---|---|---|---|
| 003 | OSt | ||
| 005 | 20221007125630.0 | ||
| 006 | a|||||r|||| 00| 0 | ||
| 007 | ta | ||
| 008 | 221006b |||||||| |||| 00| 0 eng d | ||
| 020 |
_a81859313005 (hbd) _cRs.900.00 |
||
| 024 | _a16335 | ||
| 037 |
_b131, 23/11/2005, Dhanraj Book House _cTextual |
||
| 040 |
_aCDL _cCDL _beng |
||
| 041 |
_2eng _aeng |
||
| 082 | _aB0bA, P2-;2 Carc | ||
| 100 |
_aAntia H M _9722229 |
||
| 245 | 0 | _aNumerical methods for scientists and engineers | |
| 250 | _a2 | ||
| 260 |
_aNew _bDelhi Hindustan Book Agency _c2002 |
||
| 300 |
_axxii, 842p. Includes CD-Rom _ccm. |
||
| 490 | _aTexts and readings in physical sciences | ||
| 500 | _aAppendix A, 751-805p.; Index 806-842p. | ||
| 650 |
_a Engineers _9722230 |
||
| 650 | _a Numerical methods | ||
| 650 |
_a Scientists _9722231 |
||
| 650 | _aChemistry | ||
| 942 |
_hB0bA, P2-;2 Carc _cTEXL _2CC |
||
| 999 |
_c1215616 _d1215616 |
||